| 000 | 00495nam a2200193Ia 4500 | ||
|---|---|---|---|
| 008 | 170918s9999 xx 000 0 und d | ||
| 020 | _a9780545484361 | ||
| 050 | _bM346 2013 | ||
| 100 | _aMarkle, Sandra | ||
| 245 | _aWhat if you had animal teeth!? / | ||
| 245 | _cSandra Markle ; illustrated by Howard McWilliam. | ||
| 260 | _aNew York : | ||
| 260 | _bScholastic, | ||
| 260 | _c2013 | ||
| 300 | _a32 pages : | ||
| 300 | _bcolored illustration ; | ||
| 300 | _c25cm. | ||
| 500 | _a930 | ||
| 999 |
_c342225 _d342225 |
||